| 000 | 00555nam a22002057a 4500 | ||
|---|---|---|---|
| 005 | 20150408064427.0 | ||
| 008 | 100722s2010 nyua b 001 0 eng | ||
| 020 | _a9780071639392 | ||
| 041 | 0 | _aeng | |
| 080 | _a004 | ||
| 100 | 1 | _aVaswani, Vikram. | |
| 245 | 1 | 0 |
_aZend framework : _cVikram Vaswani. |
| 260 |
_aNew York : _bMcGraw-Hill, _c2010. |
||
| 300 |
_a446 f. : _bme il.; _c24 cm. |
||
| 505 | _aIndex: f. 429 - 446 | ||
| 650 | 0 | _aKompjuterat | |
| 650 | 0 | _aGjuha programuese | |
| 710 | 2 | _aZend Technologies. | |
| 942 |
_2udc _cBK |
||
| 999 |
_c660 _d660 |
||